Jednotný ekonomický priestor Bieloruska, Ruskej federácie a Kazachstanu diplomová práca

Enregistré dans:
Détails bibliographiques
Auteur principal: Slaná, Kristína
Collectivité auteur: Fakulta medzinárodných vzťahov EU. Katedra medzinárodných ekonomických vzťahov a hospodárskej diplomacie
Autres auteurs: Raneta, Leonid, 1982-
Format: Livre
Langue:slovaque
Publié: Bratislava 2013
Tags: Ajouter un tag
Pas de tags, Soyez le premier à ajouter un tag!

MARC

LEADER 00000nbm a2200000 4500
001 0242071
005 20180417102239.9
041 0 |a slo 
044 |a SK 
245 1 0 |a Jednotný ekonomický priestor Bieloruska, Ruskej federácie a Kazachstanu  |b diplomová práca  |c Kristína Slaná ; školiteľ: Leonid Raneta 
264 1 |a Bratislava  |c 2013 
300 |a 75 s. 
100 1 |a Slaná, Kristína 
700 1 |a Raneta, Leonid, 1982- 
710 2 |a Fakulta medzinárodných vzťahov EU. Katedra medzinárodných ekonomických vzťahov a hospodárskej diplomacie